[Event "Campeonato de España sub-18 2011"]
[Site "Padron ESP"]
[Date "2011.07.31"]
[Round "9.6"]
[White "Galan Martin, Alejandro"]
[Black "Martinez Ramirez, Erik"]
[Result "0-1"]
[WhiteElo "2018"]
[BlackElo "2257"]
[PlyCount "86"]
[EventDate "2011.07.25"]
[EventType "swiss"]
[EventRounds "9"]
[EventCountry "ESP"]
[Source "lmi"]
[SourceDate "2011.07.25"]

1. e4 c5 2. Nf3 g6 3. d4 cxd4 4. Nxd4 Nf6 5. Nc3 Nc6 6. Nb3 d6 7. Be2 Bg7 8. g4
Be6 9. g5 Nd7 10. Nd5 Rc8 11. c3 a6 12. Be3 h6 13. gxh6 Bxh6 14. Bxh6 Rxh6 15.
h4 Bxd5 16. exd5 Nce5 17. Qd2 Rh7 18. O-O-O Nf6 19. f4 Nc4 20. Qd4 Nb6 21. Bf3
Rc4 22. Qe3 Qc7 23. Kb1 Kd8 24. Rh2 Kc8 25. Rhh1 Kb8 26. Rh2 Rh8 27. Rhh1 Rh7
28. Rh2 Qd8 29. Rhh1 Rc8 30. Rd4 Qd7 31. Na5 Qf5+ 32. Ka1 Nbxd5 33. Qd2 e6 34.
c4 Ne3 35. Qxe3 Qxa5 36. Rxd6 Rxc4 37. Rhd1 Qc5 38. Rd8+ Ka7 39. Qd2 Rc2 40.
Qe1 Qb6 41. b3 Nd5 42. Bxd5 Qxd8 43. Be4 Qf6+ 0-1

[Event "Campeonato de España sub-18 2011"]
[Site "Padron ESP"]
[Date "2011.07.31"]
[Round "9.7"]
[White "Montañes Arribas, Adrian"]
[Black "Garcia Salamero, Gabriel"]
[Result "1/2-1/2"]
[WhiteElo "2177"]
[BlackElo "2247"]
[PlyCount "84"]
[EventDate "2011.07.25"]
[EventType "swiss"]
[EventRounds "9"]
[EventCountry "ESP"]
[Source "lmi"]
[SourceDate "2011.07.25"]

1. e4 c5 2. Nf3 e6 3. d4 cxd4 4. Nxd4 a6 5. Nc3 Qc7 6. Be2 Nf6 7. O-O Nc6 8.
Kh1 b5 9. Nxc6 dxc6 10. Qd3 Be7 11. f4 Bb7 12. e5 Nd5 13. Nxd5 cxd5 14. Be3 g6
15. c3 O-O 16. Qd4 Rfc8 17. a4 Bc6 18. axb5 axb5 19. Rfc1 Qb7 20. b4 Bd8 21.
Kg1 Ra6 22. Rxa6 Qxa6 23. Qa7 Qxa7 24. Bxa7 Ra8 25. Bd4 f6 26. exf6 Kf7 27. Kf2
Bxf6 28. Bxf6 Kxf6 29. Ke3 Ke7 30. h4 Kd6 31. h5 e5 32. fxe5+ Kxe5 33. hxg6
hxg6 34. Rh1 Ra3 35. Kd2 Ra2+ 36. Kd3 Bd7 37. g4 Ra3 38. Rh7 Be6 39. Rb7 d4 40.
Rxb5+ Bd5 41. Rc5 dxc3 42. Rxc3 Ra4 1/2-1/2

[Event "Campeonato de España sub-18 2011"]
[Site "Padron ESP"]
[Date "2011.07.31"]
[Round "9.8"]
[White "Garro Beraza, Julen"]
[Black "Fernandez Lledo, Javier"]
[Result "1-0"]
[WhiteElo "1950"]
[BlackElo "2204"]
[PlyCount "71"]
[EventDate "2011.07.25"]
[EventType "swiss"]
[EventRounds "9"]
[EventCountry "ESP"]
[Source "lmi"]
[SourceDate "2011.07.25"]

1. e4 c5 2. Nf3 d6 3. d4 cxd4 4. Nxd4 Nf6 5. Nc3 Nc6 6. Bg5 e6 7. Qd2 Bd7 8.
O-O-O a6 9. f3 b5 10. Nxc6 Bxc6 11. Bf4 e5 12. Be3 h5 13. h4 Qc7 14. Kb1 d5 15.
Nxd5 Bxd5 16. exd5 Rd8 17. Qf2 Nxd5 18. Bd3 Be7 19. Bg5 O-O 20. g4 b4 21. Rhe1
a5 22. Bxe7 Nxe7 23. Qe2 Nc6 24. Qe4 f5 25. Qc4+ Kh8 26. Bxf5 Qb6 27. Qe6 Rf6
28. Rxd8+ Qxd8 29. Qd7 Qxd7 30. Bxd7 Nd4 31. Rxe5 Rd6 32. Rxh5+ Kg8 33. Ba4 Ne2
34. c3 bxc3 35. Bb3+ Kf8 36. Rf5+ 1-0

[Event "Campeonato de España sub-18 2011"]
[Site "Padron ESP"]
[Date "2011.07.31"]
[Round "9.9"]
[White "Jordan Martinez, Miguel"]
[Black "Aranaz Murillo, Amalia"]
[Result "1-0"]
[WhiteElo "2189"]
[BlackElo "2176"]
[PlyCount "61"]
[EventDate "2011.07.25"]
[EventType "swiss"]
[EventRounds "9"]
[EventCountry "ESP"]
[Source "lmi"]
[SourceDate "2011.07.25"]

1. e4 c6 2. d4 d5 3. Nc3 dxe4 4. Nxe4 Bf5 5. Nc5 b6 6. Nb3 Nf6 7. Nf3 e6 8. g3
a5 9. Bg2 a4 10. Nbd2 a3 11. O-O axb2 12. Bxb2 Ba3 13. Bxa3 Rxa3 14. Nc4 Ra4
15. Ne3 Be4 16. c4 b5 17. Qb3 Qa5 18. Ne5 O-O 19. Rfc1 Rd8 20. Qb2 Bxg2 21.
Kxg2 Ne4 22. Qe2 Nd6 23. Qf3 bxc4 24. N3xc4 Qd5 25. Qxd5 exd5 26. Nxd6 Rxd6 27.
Rab1 Rd8 28. Rb7 Rxa2 29. Rcb1 Ra8 30. Rxf7 Na6 31. Rbb7 1-0

[Event "Campeonato de España sub-18 2011"]
[Site "Padron ESP"]
[Date "2011.07.31"]
[Round "9.10"]
[White "Rodriguez Ferraz, Borja"]
[Black "Meneses Gonzalez, Kevin"]
[Result "1/2-1/2"]
[WhiteElo "2125"]
[BlackElo "2226"]
[PlyCount "78"]
[EventDate "2011.07.25"]
[EventType "swiss"]
[EventRounds "9"]
[EventCountry "ESP"]
[Source "lmi"]
[SourceDate "2011.07.25"]

1. d4 Nf6 2. c4 g6 3. Nc3 Bg7 4. e4 d6 5. Nf3 O-O 6. Be2 e5 7. dxe5 dxe5 8.
Qxd8 Rxd8 9. Bg5 Re8 10. Nd5 Nxd5 11. cxd5 c6 12. Bc4 cxd5 13. Bxd5 Nd7 14. Nd2
Nc5 15. Nc4 Bf8 16. O-O-O Be6 17. Rhe1 Rac8 18. Kb1 Kg7 19. Bh4 f6 20. Ne3 Kf7
21. f3 Red8 22. Bxe6+ Nxe6 23. Rxd8 Rxd8 24. Nd5 g5 25. Bf2 Bc5 26. Bxc5 Nxc5
27. Rc1 Ne6 28. Rc3 Rd7 29. Rc8 Rd8 30. Rc3 Rd7 31. b4 Nf4 32. Nxf4 gxf4 33.
Kc2 Ke6 34. Rd3 Rc7+ 35. Kb2 Rg7 36. Rd2 f5 37. exf5+ Kxf5 38. Kc3 Rc7+ 39. Kb3
Ke6 1/2-1/2

[Event "Campeonato de España sub-18 2011"]
[Site "Padron ESP"]
[Date "2011.07.31"]
[Round "9.11"]
[White "Rioboo De Larriva, Alvaro"]
[Black "Pozueta Alegria, Adrian"]
[Result "1/2-1/2"]
[WhiteElo "2215"]
[BlackElo "2096"]
[PlyCount "109"]
[EventDate "2011.07.25"]
[EventType "swiss"]
[EventRounds "9"]
[EventCountry "ESP"]
[Source "lmi"]
[SourceDate "2011.07.25"]

1. c4 e5 2. Nc3 Bb4 3. Nd5 Be7 4. d4 d6 5. g3 c6 6. Nxe7 Qxe7 7. b3 e4 8. Bg2
f5 9. h4 Nf6 10. Nh3 O-O 11. Nf4 Ng4 12. e3 Nd7 13. Qd2 Ndf6 14. Bb2 Bd7 15. d5
c5 16. b4 Ne5 17. bxc5 Nxc4 18. Qb4 Nxb2 19. Qxb2 Qe5 20. Qd4 Rac8 21. Rc1 Bb5
22. Bf1 Bxf1 23. Rxf1 Rxc5 24. Rxc5 Qxd4 25. exd4 dxc5 26. dxc5 Rc8 27. Kd2
Nxd5 28. Nxd5 Rd8 29. Ke3 Rxd5 30. Rb1 Rxc5 31. Rxb7 Rc3+ 32. Kd4 Ra3 33. Ke5
Rf3 34. h5 h6 35. Rb2 e3 36. fxe3 Rxe3+ 37. Kf4 Ra3 38. Rb7 Rxa2 39. Kxf5 Rf2+
40. Kg4 Rf7 41. Rb5 a6 42. Ra5 Rf6 43. Kh4 Kf7 44. g4 Re6 45. Rf5+ Ke7 46. g5
Re4+ 47. Kg3 hxg5 48. Rxg5 Kf7 49. Rf5+ Kg8 50. h6 gxh6 51. Rf6 Ra4 52. Rxh6
Kf7 53. Kf3 Ke7 54. Ke3 Kd7 55. Kd3 1/2-1/2

[Event "Campeonato de España sub-18 2011"]
[Site "Padron ESP"]
[Date "2011.07.31"]
[Round "9.12"]
[White "Nieto De La Cruz, Julio"]
[Black "Acosta Sosa, Juan Manuel"]
[Result "0-1"]
[WhiteElo "2183"]
[BlackElo "2088"]
[PlyCount "82"]
[EventDate "2011.07.25"]
[EventType "swiss"]
[EventRounds "9"]
[EventCountry "ESP"]
[Source "lmi"]
[SourceDate "2011.07.25"]

1. d4 d5 2. c4 c6 3. Nf3 Nf6 4. e3 a6 5. Bd3 Bg4 6. Nbd2 Nbd7 7. Qc2 e6 8. b3
Bd6 9. Bb2 Qe7 10. a3 e5 11. cxd5 Bxf3 12. gxf3 Nxd5 13. Nc4 Bc7 14. Bf5 exd4
15. Bxd4 N7f6 16. Kf1 c5 17. Bb2 b5 18. e4 Nf4 19. e5 bxc4 20. exf6 cxb3 21.
Qe4 Qxe4 22. Bxe4 O-O 23. fxg7 Rfd8 24. Rg1 Rab8 25. Bc3 b2 26. Rb1 Rb3 27. Bf6
Rdb8 28. Rxb2 c4 29. Rg5 Bd6 30. Rxb3 cxb3 31. Bb2 Rd8 32. Rg4 Bc7 33. Bc3 f6
34. Ke1 h5 35. Rh4 Kxg7 36. Rxf4 Bxf4 37. Ke2 b2 38. h3 Rb8 39. Bb1 Be5 40. Bd2
Rb3 41. Bb4 a5 0-1

[Event "Campeonato de España sub-18 2011"]
[Site "Padron ESP"]
[Date "2011.07.31"]
[Round "9.13"]
[White "Alvarado Diaz, Alejandro"]
[Black "Angeleri Gastana, Rodrigo N"]
[Result "1/2-1/2"]
[WhiteElo "2181"]
[BlackElo "2073"]
[PlyCount "199"]
[EventDate "2011.07.25"]
[EventType "swiss"]
[EventRounds "9"]
[EventCountry "ESP"]
[Source "lmi"]
[SourceDate "2011.07.25"]

1. g3 d5 2. Bg2 Nf6 3. Nf3 c6 4. O-O Bg4 5. d4 e6 6. Nbd2 Bd6 7. Re1 O-O 8. e4
dxe4 9. Nxe4 Nxe4 10. Rxe4 Bf5 11. Re1 h6 12. c3 Nd7 13. a4 a5 14. Nd2 Nf6 15.
Nc4 Bc7 16. Ne5 Nd5 17. Nd3 Qb8 18. Nc5 Rd8 19. Qb3 Ra7 20. Bd2 b5 21. axb5
cxb5 22. Bf1 a4 23. Qxb5 Qa8 24. Rxa4 Rb8 25. Rxa7 Qxa7 26. Qa4 Qxa4 27. Nxa4
Bc2 28. Nc5 Rxb2 29. c4 Nf6 30. Bc3 Rb8 31. Bg2 Rc8 32. Bb7 Rb8 33. Bc6 Bd6 34.
Nb7 Bf8 35. d5 Bb3 36. Na5 exd5 37. Bxf6 gxf6 38. Bxd5 Bb4 39. Ra1 Bxa5 40.
Rxa5 Rc8 41. Ra6 Bxc4 42. Bxc4 Rxc4 43. Rxf6 Kg7 44. Ra6 Rc2 45. Kg2 Rb2 46. h4
Rc2 47. g4 Rb2 48. Kg3 Rb4 49. f3 Rc4 50. Ra5 Rc1 51. Kf4 Rc4+ 52. Kf5 Rc1 53.
g5 hxg5 54. Kxg5 Rg1+ 55. Kf4 Rh1 56. Rg5+ Kf6 57. Rg4 Rh3 58. Ke3 Rh2 59. Ra4
Kg7 60. Rf4 Kg6 61. Ke4 Re2+ 62. Kd5 Rd2+ 63. Ke5 Kg7 64. Rg4+ Kf8 65. Kf6 Rd6+
66. Kg5 Rd5+ 67. Kh6 Rd6+ 68. Kh5 Rf6 69. Rg3 Ra6 70. f4 Ke7 71. Rb3 Kf6 72.
Kg4 Kg6 73. Rb5 Ra1 74. Rb6+ Kg7 75. Rb3 Rg1+ 76. Kf5 Rh1 77. Rg3+ Kf8 78. Kg5
Kg7 79. Kf5+ Kf8 80. Rg4 Ra1 81. Rg5 Rh1 82. Rg4 Ra1 83. Kg5 Kg7 84. h5 f6+ 85.
Kf5+ Kf7 86. Rg2 Rh1 87. Kg4 Ke6 88. Re2+ Kf7 89. Ra2 Ke6 90. Ra6+ Kf7 91. Ra3
Ke6 92. Ra6+ Kf7 93. Ra2 Ke6 94. Rg2 Kf7 95. Re2 Rg1+ 96. Kf5 Rh1 97. Ke4 Rxh5
98. Ra2 Rb5 99. Ra4 Rb7 100. f5 1/2-1/2

[Event "Campeonato de España sub-18 2011"]
[Site "Padron ESP"]
[Date "2011.07.31"]
[Round "9.14"]
[White "Vazquez Torres, Adrián"]
[Black "Mingarro Carceller, Sergi"]
[Result "1-0"]
[WhiteElo "2140"]
[BlackElo "2069"]
[PlyCount "47"]
[EventDate "2011.07.25"]
[EventType "swiss"]
[EventRounds "9"]
[EventCountry "ESP"]
[Source "lmi"]
[SourceDate "2011.07.25"]

1. e4 e6 2. b3 d5 3. Bb2 dxe4 4. Nc3 Nf6 5. Nge2 b6 6. Ng3 Bb7 7. Bb5+ Nbd7 8.
Qe2 c6 9. Ba6 Bxa6 10. Qxa6 Nc5 11. Qe2 Be7 12. Ncxe4 Ncxe4 13. Nxe4 O-O 14.
Ng3 c5 15. O-O Rc8 16. d3 Qd7 17. a4 Rfd8 18. Rae1 Re8 19. f4 g6 20. Rf3 a6 21.
c4 b5 22. axb5 axb5 23. Qe5 Rcd8 24. Ne4 1-0

[Event "Campeonato de España sub-18 2011"]
[Site "Padron ESP"]
[Date "2011.07.31"]
[Round "9.15"]
[White "Beltran De Heredia E, Miguel A"]
[Black "Jimenez Almeida, Luis David"]
[Result "1-0"]
[WhiteElo "2127"]
[BlackElo "1998"]
[PlyCount "109"]
[EventDate "2011.07.25"]
[EventType "swiss"]
[EventRounds "9"]
[EventCountry "ESP"]
[Source "lmi"]
[SourceDate "2011.07.25"]

1. e4 c5 2. Nf3 Nc6 3. d4 cxd4 4. Nxd4 Nf6 5. Nc3 d6 6. Bg5 e6 7. Qd2 a6 8.
O-O-O h6 9. Nxc6 bxc6 10. Bf4 d5 11. Qe3 Qa5 12. Be2 Bb7 13. Qg3 O-O-O 14. exd5
cxd5 15. Bf3 Bb4 16. Rd3 Ne8 17. a3 Be7 18. h4 Rg8 19. h5 Nd6 20. Rhd1 Nc4 21.
Na2 g5 22. hxg6 Rxg6 23. Qh3 Bf6 24. Rb3 Bxb2+ 25. Kb1 Be5 26. Bc1 Bc6 27. Bh5
Rf6 28. Bxf7 Ba4 29. Bxe6+ Kc7 30. Qh5 Bxb3 31. cxb3 Qb6 32. Nb4 Rxe6 33. Rxd5
a5 34. Qf7+ Kc8 35. bxc4 axb4 36. Be3 Rf6 37. Bxb6 Rxf7 38. Bxd8 Bc3 39. Ba5
Rxf2 40. Bxb4 Bxb4 41. axb4 Rxg2 42. Rh5 Rg4 43. Rc5+ Kb7 44. Kc2 Rh4 45. Kb3
Rh1 46. Rf5 h5 47. Ka4 h4 48. Kb5 h3 49. Rf7+ Kb8 50. Rh7 h2 51. c5 Kc8 52. c6
Kd8 53. c7+ Kc8 54. Kb6 Rc1 55. Rxh2 1-0

[Event "Campeonato de España sub-18 2011"]
[Site "Padron ESP"]
[Date "2011.07.31"]
[Round "9.16"]
[White "Gomez Dieguez, David"]
[Black "Vila Gonzalez, Daniel"]
[Result "0-1"]
[WhiteElo "1968"]
[BlackElo "2104"]
[PlyCount "90"]
[EventDate "2011.07.25"]
[EventType "swiss"]
[EventRounds "9"]
[EventCountry "ESP"]
[Source "lmi"]
[SourceDate "2011.07.25"]

1. e4 c5 2. d4 cxd4 3. c3 Nf6 4. e5 Nd5 5. Qxd4 e6 6. Nf3 Nc6 7. Qe4 f5 8. exf6
Nxf6 9. Qh4 d5 10. Bd3 Bd6 11. Bg5 Qe7 12. Nbd2 Bd7 13. Bg6+ Kd8 14. Bc2 Kc7
15. O-O-O Rac8 16. Rhe1 h6 17. Bf4 g5 18. Bxd6+ Qxd6 19. Qg3 Qxg3 20. fxg3 Rce8
21. Ba4 Rhf8 22. Bxc6 bxc6 23. b4 Bc8 24. Ne5 Ba6 25. Re3 Nd7 26. Nb3 Nxe5 27.
Rxe5 Kd6 28. Rde1 Rf2 29. Nc5 Bc8 30. R1e2 Rxe2 31. Rxe2 Rf8 32. Kd2 e5 33. Ke3
Bg4 34. Rd2 Rf1 35. a4 Rc1 36. Rf2 Rxc3+ 37. Kd2 Ra3 38. Rf6+ Ke7 39. Rxc6 e4
40. Rc7+ Kd6 41. Rf7 e3+ 42. Kc2 e2 43. Nb7+ Ke5 44. Re7+ Kf6 45. Re8 Ra1 0-1